00298nam a2200121Ia 450000500170000000800410001704100080005808200160006610000170008224500260009926000370012565000140016220250729165808.0250729s2019 xx 000 0 und d aeng a370.25 BHAE aBhasin Kamal aExploring Masculinity aNew Delhibwomen Unlimitedc2019 aEducation